Statistics for Top 10 MLB Outfielders 2022

Click here to take the quiz!

General Stats

  • This quiz has been taken 227 times
  • The average score is 8 of 10

Answer Stats

HintAnswer% Correct
AngelsMike Trout
99%
DodgersMookie Betts
99%
BravesRonald Acuna Jr
99%
YankeesAaron Judge
98%
PhilliesBryce Harper
98%
BrewersChristian Yelich
93%
DodgersCody Bellinger
88%
NationalsJuan Soto
78%
AstrosKyle Tucker
29%
RedsNicholas Castellanos
14%

Score Distribution

Percentile by Number Answered

Percent of People with Each Score

Your Score History

You have not taken this quiz